[Event "Just plain and simple!!!"]
[Site "SchemingMind.com"]
[Date "2007.12.03"]
[Round "-"]
[White "ghanafeast"]
[Black "esteves101"]
[Result "0-1"]
[WhiteCountry "GER"]
[BlackCountry "PHI"]
[WhiteElo "1687"]
[WhiteRD "89"]
[BlackElo "2055"]
[BlackRD "62"]
[GameID "131396"]

1. e4 e5 2. Nf3 Nf6 3. Nxe5 Qe7 4. Nf3 Qxe4+ 5. Be2 Bd6 6. Nc3 Qf5 7. d4 O-O 8. Bd2 b6 9. O-O Ba6 10. Bxa6 Nxa6
11. Qe2 Nb4 12. Rac1 Rae8 13. Qb5 c5 14. a3 Nbd5 15. Nxd5 Nxd5 16. c4 Nf6 17. b4 Ne4 18. Bc3 Bf4 19. Rc2 Ng5 20. Bd2 Nxf3+
21. gxf3 Bxd2 22. Rxd2 Re6 23. Rfd1 Rfe8 24. dxc5 Rg6+ 25. Kh1 Qxf3#
0-1

[Event "Just plain and simple!!!"]
[Site "SchemingMind.com"]
[Date "2007.12.06"]
[Round "-"]
[White "esteves101"]
[Black "ghanafeast"]
[Result "0-1"]
[WhiteCountry "PHI"]
[BlackCountry "GER"]
[WhiteElo "2013"]
[WhiteRD "63"]
[BlackElo "1717"]
[BlackRD "88"]
[GameID "131397"]

1. e4 e5 2. Nf3 Nc6 3. Bb5 a6 4. Bxc6 dxc6 5. O-O Nf6 6. Nxe5 Bd6 7. Nf3 Bg4 8. h3 Bh5 9. e5 Bxf3 10. Qxf3 Bxe5
11. Re1 Qd6 12. Qf4 Nd7 13. d4 f6 14. dxe5 fxe5 15. Nc3 O-O-O 16. Qe4 Rde8 17. Bg5 h6 18. Rad1 Qf8 19. Rxd7 Kxd7 20. Qg4+ Re6
21. Rd1+ Kc8 22. Qxe6+ Kb8 23. Rd8+ Qxd8 24. Bxd8 Rxd8 25. Qxe5 g5 26. Ne4 Rd1+ 27. Kh2 Re1 28. Qh8+ Ka7 29. Nc5 Kb6
0-1

[Event "Just plain and simple!!!"]
[Site "SchemingMind.com"]
[Date "2007.12.07"]
[Round "-"]
[White "Schaakmaatje"]
[Black "ghanafeast"]
[Result "1-0"]
[WhiteCountry "NED"]
[BlackCountry "GER"]
[WhiteElo "1739"]
[WhiteRD "49"]
[BlackElo "1717"]
[BlackRD "88"]
[GameID "131531"]

1. e4 e5 2. Nf3 Nc6 3. Bc4 Nf6 4. Nc3 b6 5. O-O Be7 6. a3 h6 7. d3 O-O 8. Be3 Bb7 9. Qd2 Ng4 10. Nd5 Bd6
11. c3 Kh8 12. h3 Nxe3 13. fxe3 a6 14. b4 b5 15. Bb3 Ne7 16. Rf2 Bxd5 17. Bxd5 c6 18. Bb3 Ng6 19. Raf1 Be7 20. Nh2 f6
21. d4 a5 22. c4 a4 23. Ba2 Qc7 24. cxb5 cxb5 25. Rc1 Qa7 26. Qd1 Rac8 27. Rfc2 Qb8 28. Nf3 d6 29. Be6 Rxc2 30. Rxc2 Bd8
31. Qc1 Ne7 32. Nh4 Bb6 33. Nf3 Qe8 34. Qd2 Qg6 35. Qd3 f5 36. exf5 Nxf5 37. Bxf5 Rxf5 38. Rc8+ Kh7 39. Nh4 e4 40. Rh8+ Kxh8
41. Nxg6+ Kh7 42. Nf8+ Rxf8 43. Qxe4+ Kh8 44. Qc6 Ba7 45. Qxb5
1-0

[Event "Just plain and simple!!!"]
[Site "SchemingMind.com"]
[Date "2007.12.07"]
[Round "-"]
[White "Schaakmaatje"]
[Black "esteves101"]
[Result "0-1"]
[WhiteCountry "NED"]
[BlackCountry "PHI"]
[WhiteElo "1746"]
[WhiteRD "45"]
[BlackElo "2147"]
[BlackRD "64"]
[GameID "131532"]

1. e4 e5 2. Nf3 Nf6 3. Nc3 Nc6 4. Nxe5 Nxe5 5. d4 Ng6 6. e5 Ng8 7. Bc4 d6 8. Qf3 Qd7 9. O-O dxe5 10. Re1 Bd6
11. Bg5 f6 12. dxe5 Nxe5 13. Bf4 Qf5 14. Qg3 Qg6 15. Bxe5 fxe5 16. Rxe5+ Ne7 17. Qxg6+ hxg6 18. Rg5 Bxh2+ 19. Kf1 Bf4
0-1

[Event "Just plain and simple!!!"]
[Site "SchemingMind.com"]
[Date "2007.12.07"]
[Round "-"]
[White "ghanafeast"]
[Black "Schaakmaatje"]
[Result "1-0"]
[WhiteCountry "GER"]
[BlackCountry "NED"]
[WhiteElo "1687"]
[WhiteRD "89"]
[BlackElo "1755"]
[BlackRD "46"]
[GameID "131533"]

1. e4 e5 2. Nf3 Nc6 3. Bb5 a6 4. Ba4 Nf6 5. d4 b5 6. d5 Nd4 7. Nxd4 exd4 8. Bb3 Nxe4 9. Qxd4 Qh4 10. O-O Be7
11. Re1 f5 12. Be3 Bc5 13. Qxg7 Rf8 14. Bxc5 d6 15. Bd4 Bd7 16. Qg3 Qxg3 17. hxg3 O-O-O 18. g4 Nf6 19. gxf5 Bxf5 20. Nd2 Ng4
21. Nf3 h5 22. Nh4 Bh7 23. Re7 Rd7 24. Rae1 Ne5 25. Rxd7 Nxd7 26. Re7
1-0

[Event "Just plain and simple!!!"]
[Site "SchemingMind.com"]
[Date "2007.12.07"]
[Round "-"]
[White "esteves101"]
[Black "Schaakmaatje"]
[Result "1-0"]
[WhiteCountry "PHI"]
[BlackCountry "NED"]
[WhiteElo "2147"]
[WhiteRD "64"]
[BlackElo "1746"]
[BlackRD "45"]
[GameID "131534"]

1. e4 e5 2. Nf3 Nc6 3. d4 exd4 4. Nxd4 Bc5 5. Nb3 Bb6 6. Nc3 Nge7 7. Be2 d6 8. O-O O-O 9. Bg5 Be6 10. Qd2 f6
11. Be3 Bxb3 12. axb3 Qd7 13. Rfd1 Bxe3 14. Qxe3 Rae8 15. b4 Nf5 16. Qh3 Nxb4 17. Rxa7 d5 18. Rxb7 Qc6 19. Rxb4
1-0

[Event "Just plain and simple!!!"]
[Site "SchemingMind.com"]
[Date "2007.12.08"]
[Round "-"]
[White "Kroll"]
[Black "ghanafeast"]
[Result "0-1"]
[WhiteCountry "POL"]
[BlackCountry "GER"]
[WhiteElo "1914"]
[WhiteRD "68"]
[BlackElo "1717"]
[BlackRD "88"]
[GameID "131644"]

1. d4 Nf6 2. c4 c6 3. Nc3 g6 4. Nf3 Bg7 5. e4 d6 6. Be3 O-O 7. Be2 Bg4 8. h3 Bxf3 9. Bxf3 Qb6 10. Qc2 c5
11. dxc5 dxc5 12. Na4 Qa5+ 13. Nc3 Qb4 14. Qb3 Nc6 15. O-O Rac8 16. Nd5 Qxb3 17. axb3 b6 18. Bg5 Rfe8 19. Rfe1 h6 20. Nxf6+ exf6
21. Bf4 Nd4 22. Rxa7 Nxb3 23. Rb7 Re6 24. Rd1 Nd4 25. Bg4 f5 26. exf5 Nxf5 27. Rdd7 Rf8 28. Bxf5 gxf5 29. Bd6 Rfe8 30. Rxb6 Re1+
31. Kh2 Rd1 32. Bxc5 Rxd7 33. b4 Re4 34. Be3 h5 35. c5 Be5+ 36. g3 h4 37. Bf4 hxg3+ 38. Bxg3 Bxg3+ 39. Kxg3 Rc7 40. c6 Kg7
41. b5 Re8 42. Kf4 Kf6 43. Ra6 Rb8 44. Ra5 Rb6 45. h4 Kg6 46. Ke5 Re7+ 47. Kd6 Kf6 48. Kc5 Rb8 49. Ra6 Re5+ 50. Kd4 Rd8+
51. Kc4 Ke7 52. c7 Rf8 53. Ra7 Kd6 54. Kb4 Re4+ 55. Ka5 Rxh4 56. Kb6 Rc8 57. Ka5 Rxc7
0-1

[Event "Just plain and simple!!!"]
[Site "SchemingMind.com"]
[Date "2007.12.03"]
[Round "-"]
[White "Kroll"]
[Black "esteves101"]
[Result "0-1"]
[WhiteCountry "POL"]
[BlackCountry "PHI"]
[WhiteElo "1956"]
[WhiteRD "63"]
[BlackElo "2147"]
[BlackRD "64"]
[GameID "131645"]

1. d4 Nf6 2. c4 e6 3. Nc3 Bb4 4. Qc2 d5 5. a3 Bxc3+ 6. Qxc3 Ne4 7. Qc2 O-O 8. Nf3 f5 9. cxd5 exd5 10. Bf4 Nc6
11. Ne5 Nxd4 12. Qa4 Ne6 13. g3 c5 14. Bg2 Qb6 15. Qc2 Nd4 16. Qb1 Nb3 17. Ra2 Qa5+ 18. Kf1 Nbd2+
0-1

[Event "Just plain and simple!!!"]
[Site "SchemingMind.com"]
[Date "2007.12.08"]
[Round "-"]
[White "Kroll"]
[Black "Schaakmaatje"]
[Result "1-0"]
[WhiteCountry "POL"]
[BlackCountry "NED"]
[WhiteElo "1903"]
[WhiteRD "71"]
[BlackElo "1755"]
[BlackRD "48"]
[GameID "131646"]

1. d4 f5 2. e4 fxe4 3. Nc3 Nf6 4. f3 exf3 5. Nxf3 e6 6. Bg5 Be7 7. Bd3 O-O 8. O-O b6 9. Ne5 d6 10. Bxf6 Bxf6
11. Qh5 dxe5 12. Bxh7+
1-0

[Event "Just plain and simple!!!"]
[Site "SchemingMind.com"]
[Date "2007.12.08"]
[Round "-"]
[White "ghanafeast"]
[Black "Kroll"]
[Result "0-1"]
[WhiteCountry "GER"]
[BlackCountry "POL"]
[WhiteElo "1687"]
[WhiteRD "89"]
[BlackElo "1970"]
[BlackRD "69"]
[GameID "131647"]

1. e4 e6 2. d4 d5 3. e5 c5 4. c3 Nc6 5. Bb5 Bd7 6. Ba4 Qb6 7. Be3 Qxb2 8. Bd2 b5 9. Bc2 Qxa1 10. a3 cxd4
11. Ne2 Bxa3 12. cxd4 Bb2 13. Be3 Nb4 14. O-O Rc8 15. Bb3 Ne7 16. Qd2 a5 17. Nbc3 Bxc3 18. Rxa1 Bxd2 19. Bxd2 Nec6 20. h3 a4
21. Ba2 Nc2 22. Rb1 N6xd4 23. Nxd4 Nxd4 24. Be3 Nf5 25. Bf4 Rc2 26. Ra1 b4 27. Bb1 Rc4 28. Bd2 b3 29. g3 Nd4 30. Bd3 Nf3+
31. Kg2 Nxd2 32. Bxc4 Nxc4
0-1

[Event "Just plain and simple!!!"]
[Site "SchemingMind.com"]
[Date "2007.12.03"]
[Round "-"]
[White "esteves101"]
[Black "Kroll"]
[Result "0-1"]
[WhiteCountry "PHI"]
[BlackCountry "POL"]
[WhiteElo "2013"]
[WhiteRD "63"]
[BlackElo "1914"]
[BlackRD "68"]
[GameID "131648"]

1. e4 e6 2. Nc3 d5 3. d4 Nf6 4. e5 Nfd7 5. Nf3 c5 6. Bd3 Nc6 7. dxc5 Bxc5 8. Qe2 Nd4 9. Nxd4 Bxd4 10. f4 Bxc3+
11. bxc3 Qc7 12. Bd2 Nc5 13. O-O b6 14. Rf3 Ne4 15. Bxe4 dxe4 16. Qxe4 Bb7 17. Qa4+ Bc6 18. Qc4 Rc8 19. Rd3 O-O= 20. Rd4 Qb7
21. Qe2 Rfd8 22. Be1 Bd5 23. Rad1 Qe7 24. c4 Bb7 25. R4d3 Qc5+ 26. Bf2 Qc7 27. Bh4 Rxd3 28. cxd3 Qc5+ 29. Qf2 Qc6 30. Rd2 Qc5
31. Qxc5 Rxc5 32. g4 h6 33. Kf2 Ba6
0-1

[Event "Just plain and simple!!!"]
[Site "SchemingMind.com"]
[Date "2007.12.08"]
[Round "-"]
[White "Schaakmaatje"]
[Black "Kroll"]
[Result "0-1"]
[WhiteCountry "NED"]
[BlackCountry "POL"]
[WhiteElo "1755"]
[WhiteRD "48"]
[BlackElo "1903"]
[BlackRD "71"]
[GameID "131649"]

1. e4 e6 2. d4 d5 3. Nc3 Nf6 4. Bg5 Be7 5. e5 Nfd7 6. Bxe7 Qxe7 7. f4 a6 8. Nf3 c5 9. Ne2 Nc6 10. g3 cxd4
11. Nexd4 Qb4+ 12. Kf2 Qxb2 13. Nb3 Nb4 14. Nfd4 Qc3 15. Bd3 Nc5
0-1

[Event "Just plain and simple!!!"]
[Site "SchemingMind.com"]
[Date "2007.12.08"]
[Round "-"]
[White "fouche"]
[Black "ghanafeast"]
[Result "1-0"]
[WhiteCountry "COL"]
[BlackCountry "GER"]
[WhiteElo "1714"]
[WhiteRD "70"]
[BlackElo "1717"]
[BlackRD "88"]
[GameID "131707"]

1. e4 c5 2. Nf3 Nc6 3. d4 cxd4 4. Nxd4 Nf6 5. Nc3 e6 6. Be3 b6 7. Bd3 Be7 8. Qe2 O-O 9. O-O-O Bb7 10. f3 Nxd4
11. Bxd4 d6 12. g4 a5 13. h4 e5 14. Be3 Qc8 15. Kb1 Ba6 16. h5 Bxd3 17. Rxd3 Qc6 18. g5 Nd7 19. g6 h6 20. gxf7+ Rxf7
21. Rg1 a4 22. Bxh6 Kf8 23. Bc1 Bf6 24. h6 Ke7 25. hxg7 Bxg7 26. Rd5 a3 27. Qb5 Qb7 28. Bg5+ Ke6 29. Qb4 Nc5 30. Rgd1 Rd7
31. Nb5 Bf8 32. f4 Ra4 33. f5+ Kf7 34. Qe1 Rxe4 35. Qh1 Bg7 36. Rxd6 Qc8 37. Rxd7+ Nxd7 38. Nd6+
1-0

[Event "Just plain and simple!!!"]
[Site "SchemingMind.com"]
[Date "2007.12.04"]
[Round "-"]
[White "fouche"]
[Black "esteves101"]
[Result "0-1"]
[WhiteCountry "COL"]
[BlackCountry "PHI"]
[WhiteElo "1668"]
[WhiteRD "63"]
[BlackElo "2147"]
[BlackRD "64"]
[GameID "131708"]

1. d4 Nf6 2. c4 e6 3. Nc3 Bb4 4. e3 O-O 5. Bd2 c5 6. Nf3 cxd4 7. exd4 d5 8. cxd5 exd5 9. Be2 Nc6 10. O-O Re8
11. a3 Bxc3 12. bxc3 Bg4 13. Ne5 Bxe2 14. Qxe2 Nxe5 15. dxe5 Ne4 16. f4 Qb6+ 17. Be3 Nxc3 18. Bxb6 Nxe2+ 19. Kh1 axb6 20. g3 Nc3
21. Rf3 Rec8 22. Kg2 b5 23. Rd3 b4 24. a4 b3
0-1

[Event "Just plain and simple!!!"]
[Site "SchemingMind.com"]
[Date "2007.12.08"]
[Round "-"]
[White "fouche"]
[Black "Schaakmaatje"]
[Result "1-0"]
[WhiteCountry "COL"]
[BlackCountry "NED"]
[WhiteElo "1714"]
[WhiteRD "70"]
[BlackElo "1739"]
[BlackRD "49"]
[GameID "131709"]

1. d4 f5 2. c4 Nf6 3. Nc3 e6 4. e3 Be7 5. Nf3 O-O 6. Bd3 d6 7. O-O Bd7 8. Bd2 Kh8 9. e4 f4 10. Bxf4 Nc6
11. e5 dxe5 12. dxe5 Nh5 13. Bg3 Nxg3 14. hxg3 Nb4 15. Bb1 Bc6 16. a3 Bxf3 17. gxf3 Nc6 18. Qc2 g6 19. f4 Nd4 20. Qd1 c6
21. Kg2 Nf5 22. Rh1 Bc5 23. b4 Bd4 24. Qc2 b5 25. c5 Bxc3 26. Qxc3 Qd5+ 27. Qf3 Rad8 28. Ba2 Qxf3+ 29. Kxf3 Rfe8 30. g4 Nd4+
31. Ke4 Nc2 32. Rad1 Nxa3 33. Rxd8 Rxd8 34. Bxe6 Nc2 35. Kf3 Nxb4 36. f5 Rf8 37. Ke4 a5 38. f4 Na6 39. Ba2 gxf5+ 40. gxf5 Nxc5+
41. Ke3 Rxf5 42. Bb1 Rf7 43. f5 Nd7 44. e6 Re7 45. Kf4 Nf6 46. Ke5 Ng4+ 47. Kd6 Ra7 48. e7 Nf6 49. Ba2 c5 50. Ke6 Ne8
51. f6 Ra6+ 52. Kf7 Nxf6 53. Bb1
1-0

[Event "Just plain and simple!!!"]
[Site "SchemingMind.com"]
[Date "2007.12.04"]
[Round "-"]
[White "fouche"]
[Black "Kroll"]
[Result "1-0"]
[WhiteCountry "COL"]
[BlackCountry "POL"]
[WhiteElo "1668"]
[WhiteRD "63"]
[BlackElo "1956"]
[BlackRD "63"]
[GameID "131710"]

1. d4 Nf6 2. c4 e6 3. Nc3 d5 4. Nf3 Be7 5. e3 O-O 6. Bd3 Nbd7 7. O-O dxc4 8. Bxc4 Nb6 9. Bb3 Nbd5 10. Re1 Nxc3
11. bxc3 b6 12. e4 Bb7 13. e5 Nd7 14. Bb2 c5 15. Qe2 Qc7 16. Rac1 Rac8 17. Ba3 Rfe8 18. Bc2 c4 19. Bxe7 Rxe7 20. Bxh7+ Kxh7
21. Ng5+ Kg8 22. Qh5 Nf8 23. Re3 Qc6 24. Re4 f5 25. exf6 gxf6 26. Rg4 Rg7 27. Nf3 Rxg4 28. Qxg4+ Kf7 29. Re1 Nd7 30. Qf4 Rg8
31. Kf1 Rg7 32. h4 Nf8 33. Ne5+ Ke7 34. Nxc6+ Bxc6 35. Qc7+ Bd7 36. d5 e5 37. f4
1-0

[Event "Just plain and simple!!!"]
[Site "SchemingMind.com"]
[Date "2007.12.08"]
[Round "-"]
[White "ghanafeast"]
[Black "fouche"]
[Result "1-0"]
[WhiteCountry "GER"]
[BlackCountry "COL"]
[WhiteElo "1737"]
[WhiteRD "91"]
[BlackElo "1723"]
[BlackRD "70"]
[GameID "131711"]

1. d4 Nf6 2. c4 e6 3. Bg5 Be7 4. Nf3 O-O 5. e3 d5 6. Nbd2 c6 7. c5 Nbd7 8. Bd3 b6 9. b4 b5 10. O-O a5
11. a3 a4 12. Qc2 Qc7 13. Rae1 h6 14. Bf4 Qd8 15. Ne5 Nxe5 16. Bxe5 Nd7 17. Bd6 Bxd6 18. cxd6 Nf6 19. e4 dxe4 20. Qxc6 Ba6
21. Nxe4 Ra7 22. Nc5 Qc8 23. Qb6 Ra8 24. Nxa6 Qxa6 25. Qc5 Rfc8 26. Qe5 Nd7 27. Qe4 g6 28. Rc1 Qxd6 29. Qb7 Rcb8 30. Qe4 f5
31. Qe3 Kg7 32. Rfe1 Kf6 33. Rc2 g5 34. Rce2 Re8 35. Bxb5 f4 36. Qe5+ Qxe5 37. dxe5+ Ke7 38. Bc6 Ra7 39. h3 Rd8 40. Rd2 Nb6
41. Rxd8 Kxd8 42. Rd1+ Kc8 43. Rd6 Nc4 44. Rxe6 Nxa3 45. Re8+ Kc7 46. b5 Nc4 47. e6 a3 48. e7 Nd6 49. Rd8 a2 50. Rxd6 a1=Q+
51. Kh2 Kxd6 52. e8=Q Qe5 53. Qb8+ Rc7 54. Bf3 h5 55. b6 Qc5 56. bxc7
1-0

[Event "Just plain and simple!!!"]
[Site "SchemingMind.com"]
[Date "2007.12.04"]
[Round "-"]
[White "esteves101"]
[Black "fouche"]
[Result "1-0"]
[WhiteCountry "PHI"]
[BlackCountry "COL"]
[WhiteElo "2013"]
[WhiteRD "63"]
[BlackElo "1714"]
[BlackRD "70"]
[GameID "131712"]

1. e4 c5 2. Nc3 Nc6 3. f3 d6 4. Bc4 Nf6 5. Nge2 a6 6. d3 b5 7. Bd5 Bd7 8. Bb3 g6 9. O-O Bg7 10. a3 O-O
11. Bg5 h6 12. Be3 Kh7 13. Qd2 e5 14. a4 b4 15. Nd5 Nxd5 16. Bxd5 a5 17. Rab1 Ra7 18. f4 f5 19. exf5 gxf5 20. fxe5 Nxe5
21. b3 Bc6 22. Be6 Bd7 23. Bd5 Qh4 24. Bf2 Qh5 25. Nf4 Qg5 26. h4 Qg4 27. d4 cxd4 28. Bxd4 Rc7 29. Bb6 Rc3 30. Ne2 Rh3
31. Rf4 Qg6 32. Bxa5 Be6 33. Bxe6 Rxh4 34. Bxb4 Rg4 35. Nd4 Rxf4 36. Qxf4 Qh5 37. Bxd6 Ng6 38. Qf2 f4 39. Bxf8 Qe5 40. Bxg7 Kxg7
41. Re1
1-0

[Event "Just plain and simple!!!"]
[Site "SchemingMind.com"]
[Date "2007.12.08"]
[Round "-"]
[White "Schaakmaatje"]
[Black "fouche"]
[Result "1/2-1/2"]
[WhiteCountry "NED"]
[BlackCountry "COL"]
[WhiteElo "1743"]
[WhiteRD "46"]
[BlackElo "1723"]
[BlackRD "70"]
[GameID "131713"]

1. e4 c5 2. Nf3 Nc6 3. d4 cxd4 4. Nxd4 d6 5. Bb5 Bd7 6. O-O a6 7. Bxc6 bxc6 8. Be3 Nf6 9. Qd3 e5 10. Nb3 Be7
11. Nc3 O-O 12. f3 Be6 13. Rfe1 Qc7 14. Na4 d5 15. Bb6 Qb7 16. Nbc5 Bxc5+ 17. Bxc5 Rfd8 18. Qa3 d4 19. Be7 Re8 20. Bxf6 gxf6
21. Nc5 Qc8 22. Nxe6 fxe6 23. Qd3 c5 24. c4 a5 25. b3 a4 26. Qd2 axb3 27. axb3 Qb7 28. Qd3 Ra6 29. Rab1 Qb4 30. Ra1 Rea8
31. Rab1 Ra3 32. Re2 Rb8 33. Reb2 Qc3 34. Qd1 d3 35. h3 Qd4+ 36. Kh2 f5 37. Rd2 fxe4 38. fxe4 Qxe4 39. Rxd3 Qf4+ 40. Kh1 e4
41. Rd8+ Rxd8 42. Qxd8+ Kg7 43. Qe7+ Qf7 44. Qxc5 Ra2 45. Qe5+ Qf6 46. Qxe4 Qf2 47. Rd1 Kf6 48. Qd4+ e5 49. Qxf2+ Rxf2 50. Kg1 Rb2
51. Rd3 e4 52. Re3 Ke5 53. Kf1 Kd4 54. Re2 Rxb3 55. Kf2 Rc3 56. h4 Rxc4 57. Rd2+ Ke5=
1/2-1/2

[Event "Just plain and simple!!!"]
[Site "SchemingMind.com"]
[Date "2007.12.04"]
[Round "-"]
[White "Kroll"]
[Black "fouche"]
[Result "1/2-1/2"]
[WhiteCountry "POL"]
[BlackCountry "COL"]
[WhiteElo "1956"]
[WhiteRD "63"]
[BlackElo "1668"]
[BlackRD "63"]
[GameID "131714"]

1. d4 e6 2. c4 Nf6 3. Nc3 Bb4 4. Qc2 c5 5. dxc5 Bxc5 6. Bg5 Bxf2+ 7. Kxf2 Ng4+ 8. Ke1 Qxg5 9. Nf3 Qa5 10. Qe4 Nf6
11. Qe5 Nc6 12. Qxa5 Nxa5 13. Nb5 O-O 14. Nd6 Ne8 15. Nxe8 Rxe8 16. e4 d5 17. cxd5 exd5 18. e5 Bg4 19. Bb5 Nc6 20. Bxc6 bxc6
21. Kd2 Bxf3 22. gxf3 Rxe5 23. Rac1 Re6 24. Rc2 Rc8 25. Rhc1 Kf8 26. b4 a6 27. a4 Ke7 28. b5 axb5 29. axb5 Kd7 30. Ra1 c5
31. Ra7+ Kd6 32. Rxf7 Re7 33. Rxe7 Kxe7 34. Ra2 Kd6 35. Ra7 Rb8 36. Rxg7 Rxb5 37. Rxh7=
1/2-1/2

[Event "Just plain and simple!!!"]
[Site "SchemingMind.com"]
[Date "2007.12.08"]
[Round "-"]
[White "SLAINTIE MHATH"]
[Black "ghanafeast"]
[Result "1-0"]
[WhiteCountry "POL"]
[BlackCountry "GER"]
[WhiteElo "1653"]
[WhiteRD "49"]
[BlackElo "1672"]
[BlackRD "88"]
[GameID "131718"]

1. d4 d5 2. Bg5 c5 3. h3 Qb6 4. Nc3 e6 5. Na4 Qb4+ 6. c3 Qa5 7. Nf3 f6 8. Bd2 Bd7 9. b3 c4 10. e3 Bxa4
11. bxa4 Bd6 12. Be2 f5 13. Ng5 e5 14. Ne6 Kf7 15. Ng5+ Ke7 16. O-O e4 17. h4 Nd7 18. f4 Nb6 19. Rb1 Rb8 20. Rb5 Qa6
21. g4 Nf6 22. Nh3 Nxa4 23. Qb1 Nxg4 24. Rxd5 Nxe3 25. Rxd6 Qxd6 26. Bxe3 Nxc3 27. Qb2 Nxe2+ 28. Qxe2 b5 29. d5 a6 30. Qh5 Qxd5
31. Rd1 Qc6 32. Qxf5 Rbf8 33. Qe5+ Kf7 34. Rd6 Qc7 35. Qe6#
1-0

[Event "Just plain and simple!!!"]
[Site "SchemingMind.com"]
[Date "2007.12.03"]
[Round "-"]
[White "SLAINTIE MHATH"]
[Black "fouche"]
[Result "1-0"]
[WhiteCountry "POL"]
[BlackCountry "COL"]
[WhiteElo "1625"]
[WhiteRD "54"]
[BlackElo "1612"]
[BlackRD "59"]
[GameID "131719"]

1. d4 e6 2. Nf3 Nf6 3. Bg5 d5 4. e3 Be7 5. Bd3 Nbd7 6. Bxf6 Nxf6 7. O-O O-O 8. Ne5 c5 9. c3 c4 10. Bc2 Qc7
11. Nd2 b5 12. f3 Nd7 13. f4 f6 14. Qh5 f5 15. Rf3 Nxe5 16. fxe5 Bd7 17. Rg3 Be8 18. Qe2 a5 19. Rh3 b4 20. Rf1 a4
21. Nf3 b3 22. axb3 axb3 23. Bb1 Bf7 24. Rg3 Ra1 25. Ng5 Bxg5 26. Rxg5 Rfa8 27. h4 Qe7 28. Qf2 h6 29. Rg3 Kh8 30. Rh3 R1a7
31. h5 Qg5 32. Qf4 Qe7 33. g4 Rf8 34. gxf5 exf5 35. Qxf5 Qg5+ 36. Kh2 Qxf5 37. Rxf5 Kg8 38. Rhf3 Raa8 39. e4 dxe4 40. Bxe4 Be6
41. Rxf8+
1-0

[Event "Just plain and simple!!!"]
[Site "SchemingMind.com"]
[Date "2007.12.04"]
[Round "-"]
[White "SLAINTIE MHATH"]
[Black "esteves101"]
[Result "0-1"]
[WhiteCountry "POL"]
[BlackCountry "PHI"]
[WhiteElo "1625"]
[WhiteRD "54"]
[BlackElo "2077"]
[BlackRD "76"]
[GameID "131720"]

1. d4 Nf6 2. c4 e6 3. a3 Be7 4. Nc3 O-O 5. e4 d5 6. e5 Ne4 7. Nxe4 dxe4 8. c5 Nc6 9. Be3 f6 10. Qg4 f5
11. Qd1 f4 12. Bc1 Qxd4 13. Bxf4 Rxf4 14. Qxd4 Nxd4 15. Rc1 Nc6 16. Nh3 Rf5 17. Bc4 Nxe5 18. b4 a5 19. O-O axb4 20. axb4 Ra4
21. f4 Rxb4 22. fxe5 Bxc5+ 23. Nf2 e3 24. Nd3 Rxc4 25. Rxc4 e2+ 26. Rf2 Bxf2+
0-1

[Event "Just plain and simple!!!"]
[Site "SchemingMind.com"]
[Date "2007.12.03"]
[Round "-"]
[White "SLAINTIE MHATH"]
[Black "Kroll"]
[Result "0-1"]
[WhiteCountry "POL"]
[BlackCountry "POL"]
[WhiteElo "1702"]
[WhiteRD "68"]
[BlackElo "1832"]
[BlackRD "73"]
[GameID "131722"]

1. d4 Nf6 2. Nc3 e6 3. a3 d5 4. Bg5 Be7 5. Nf3 O-O 6. Bxf6 Bxf6 7. g4 c5 8. Rg1 cxd4 9. Nxd4 Qb6 10. e3 Qxb2
11. Ncb5 Bxd4 12. Nxd4 Qc3+ 13. Ke2 Nc6 14. Bh3 Nxd4+ 15. Qxd4 Qxc2+ 16. Kf3 Qc4 17. Qxc4 dxc4 18. Bg2 Bd7 19. Kf4 Rab8 20. Rgc1 b5
21. h4 Rfc8 22. Rab1 Bc6 23. Bf1 Rd8 24. Be2 Rb7 25. a4 a6 26. Bf3 Bxf3 27. Kxf3 Rbb8 28. axb5 axb5 29. Ke4 Kf8 30. f4 Ke7
31. g5 Kd6 32. Kd4 Kc6+ 33. Ke4 Kc5 34. Rc3 b4 35. Rcc1 c3 36. Ra1 Rd7 37. Ra5+ Rb5 38. Ra8 Kc4 39. Rb1 Rc7 40. Rd8 c2
41. Rd4+ Kc5 42. Rc1 b3 43. Kd3 Kb6 44. Rd6+ Kb7
0-1

[Event "Just plain and simple!!!"]
[Site "SchemingMind.com"]
[Date "2007.12.08"]
[Round "-"]
[White "ghanafeast"]
[Black "SLAINTIE MHATH"]
[Result "1-0"]
[WhiteCountry "GER"]
[BlackCountry "POL"]
[WhiteElo "1672"]
[WhiteRD "88"]
[BlackElo "1653"]
[BlackRD "49"]
[GameID "131723"]

1. e4 d5 2. exd5 Qxd5 3. Nc3 Qe5+ 4. Be2 c6 5. Nf3 Qd6 6. d4 Bf5 7. Be3 Qb4 8. a3 Qxb2 9. Na4 Qxc2 10. Qxc2 Bxc2
11. Nc3 e6 12. O-O f6 13. Rfc1 Bf5 14. Rab1 Bxb1 15. Rxb1 b5 16. Ne4 Bxa3 17. Bf4 Nh6 18. h3 g5 19. Nxf6+ Kf7 20. Bxg5 Be7
21. Ne5+ Kg7 22. Nh5+ Kg8 23. Bxh6 Na6 24. Bg4 Nc7 25. Rc1 Rf8 26. Rc3 Bf6 27. Rf3 Bg7 28. Rg3 Rf7 29. Bf3 Kf8 30. Bxg7+ Rxg7
31. Rxg7 Nd5 32. Rf7+ Ke8 33. Bxd5 exd5 34. Nf6+ Kd8 35. Nxc6+ Kc8 36. Nxd5
1-0

[Event "Just plain and simple!!!"]
[Site "SchemingMind.com"]
[Date "2007.12.08"]
[Round "-"]
[White "Schaakmaatje"]
[Black "SLAINTIE MHATH"]
[Result "1-0"]
[WhiteCountry "NED"]
[BlackCountry "POL"]
[WhiteElo "1755"]
[WhiteRD "48"]
[BlackElo "1625"]
[BlackRD "54"]
[GameID "131726"]

1. e4 d5 2. exd5 Qxd5 3. Nc3 Qe5+ 4. Be2 Bg4 5. d4 Bxe2 6. Ngxe2 Qb5 7. Nxb5 Na6 8. O-O h6 9. c4 c6 10. Nbc3 e6
11. Bf4 g5 12. Bg3 Bb4 13. a3 Be7 14. f4 O-O-O 15. f5 Nc7 16. Bxc7 Kxc7 17. fxe6 fxe6 18. Qb3 Re8 19. Rf7 Kb8 20. d5 exd5
21. cxd5 Bc5+ 22. Kh1 Bb6 23. dxc6 Ne7 24. cxb7 Kxb7 25. Rd1 Ka8 26. Rd7 Nc6 27. Qd5 Rc8 28. Nb5 Rhe8 29. Rxa7+ Bxa7 30. Rxa7+ Kb8
31. Qd6+
1-0

[Event "Just plain and simple!!!"]
[Site "SchemingMind.com"]
[Date "2007.12.04"]
[Round "-"]
[White "Kroll"]
[Black "SLAINTIE MHATH"]
[Result "1-0"]
[WhiteCountry "POL"]
[BlackCountry "POL"]
[WhiteElo "1832"]
[WhiteRD "73"]
[BlackElo "1702"]
[BlackRD "68"]
[GameID "131727"]

1. d4 d5 2. c4 Bg4 3. f3 Bf5 4. Qb3 dxc4 5. Qxb7 Nd7 6. e4 Be6 7. d5 Rb8 8. Qxa7 Ra8 9. Qd4 c5 10. Qxc4 Ne5
11. Qc3 Qa5 12. dxe6 Qxc3+ 13. Nxc3 fxe6 14. Bf4 Nd7 15. Bb5 Nf6 16. O-O-O e5 17. Bxe5 Ra7 18. Bxf6 gxf6 19. Na4 Bh6+ 20. Kb1 Be3
21. Nb6 Rb7 22. Bxd7+ Kf8 23. Nc4 Bd4 24. Be6 Kg7 25. Ne2 Rd8 26. Nxd4 cxd4 27. Rd3 Rdb8 28. Rxd4 h6 29. Rhd1 h5 30. Rd8 h4
31. Rxb8 Rxb8 32. Rd7 h3 33. Rxe7+ Kg6 34. gxh3 f5 35. Bxf5+ Kf6 36. Ne5 Rb5 37. Re6+ Kg5 38. Nd3 Kh5 39. Bg4+ Kg5 40. f4+
1-0

[Event "Just plain and simple!!!"]
[Site "SchemingMind.com"]
[Date "2007.12.05"]
[Round "-"]
[White "Orhany24"]
[Black "fouche"]
[Result "1/2-1/2"]
[WhiteCountry "TUR"]
[BlackCountry "COL"]
[WhiteElo "1760"]
[WhiteRD "73"]
[BlackElo "1612"]
[BlackRD "59"]
[GameID "131769"]

1. e4 c5 2. Nf3 Nc6 3. d4 cxd4 4. Nxd4 d6 5. Nxc6 bxc6 6. c4 Nf6 7. Bd3 e5 8. O-O Be7 9. Nc3 O-O 10. h3 Be6
11. Be3 Qc7 12. b3 Rfd8 13. Qc2 a5 14. f4 exf4 15. Bxf4 Qa7+ 16. Kh1 d5 17. exd5 cxd5 18. cxd5 Bxd5 19. Nxd5 Rxd5 20. Bc4 Rc8
21. Qe2 Rd7 22. Rac1 Bc5 23. a4 Re7 24. Qf3 Kf8 25. Bg5 Qb6 26. Bxf6 Qxf6 27. Qxf6 gxf6 28. Rxf6 Ba7 29. Rcf1 Rcc7 30. Ra6 Rc5
31. Rd1 Rce5 32. Rd8+ Kg7 33. Rd1 Bb8 34. Kg1 Ba7+ 35. Kh2 Bb8 36. Kg1 Ba7+=
1/2-1/2